000 00331nam a2200145Ia 4500
008 191201s2004 xx 000 0 und d
082 _a746.62
_bPRW
100 _aPRAKASH, K
245 0 _aWarli Paintings
250 _a3rd
260 _aN.Delhi
_bEnglish Education
_c2004
300 _a-
650 _aB.Tech(TE)
942 _2ddc
_cBK
999 _c2341
_d2341